000
00240nam a2200109Ia 4500
008
220204s9999 xx 000 0 und d
082
_a
82-3
_b
MAC
100
_a
Maclean, Alistair
245
4
_a
The Golden gate
260
_b
Rupa
942
_c
BK
999
_c
29496
_d
29496